<?xml version="1.0" encoding="UTF-8"?>
<record
    xmlns:xsi="http://www.w3.org/2001/XMLSchema-instance"
    xsi:schemaLocation="http://www.loc.gov/MARC21/slim http://www.loc.gov/standards/marcxml/schema/MARC21slim.xsd"
    xmlns="http://www.loc.gov/MARC21/slim">

  <leader>03968nam a2200565Ia 4500</leader>
  <controlfield tag="001">467</controlfield>
  <controlfield tag="008">241029s9999    xx            000 0 und d</controlfield>
  <datafield tag="010" ind1=" " ind2=" ">
    <subfield code="a">432</subfield>
  </datafield>
  <datafield tag="041" ind1=" " ind2=" ">
    <subfield code="a">Espa&#xF1;ol</subfield>
  </datafield>
  <datafield tag="082" ind1=" " ind2=" ">
    <subfield code="a">NO APLICA</subfield>
  </datafield>
  <datafield tag="245" ind1=" " ind2="0">
    <subfield code="a">Factores que inciden en la aplicaci&#xF3;n del nuevo curr&#xED;culo del Nivel Medio del Liceo Herminia P&#xE9;rez, Pek&#xED;n, Santiago, Rep&#xFA;blica Dominicana</subfield>
  </datafield>
  <datafield tag="260" ind1=" " ind2=" ">
    <subfield code="a">Santiago</subfield>
  </datafield>
  <datafield tag="300" ind1=" " ind2=" ">
    <subfield code="a">66</subfield>
  </datafield>
  <datafield tag="520" ind1=" " ind2=" ">
    <subfield code="a">36</subfield>
  </datafield>
  <datafield tag="630" ind1=" " ind2=" ">
    <subfield code="a">Curr&#xED;culo</subfield>
  </datafield>
  <datafield tag="630" ind1=" " ind2=" ">
    <subfield code="a">Factores</subfield>
  </datafield>
  <datafield tag="630" ind1=" " ind2=" ">
    <subfield code="a">Incidencia</subfield>
  </datafield>
  <datafield tag="630" ind1=" " ind2=" ">
    <subfield code="a">Nivel Medio</subfield>
  </datafield>
  <datafield tag="650" ind1=" " ind2=" ">
    <subfield code="a">Administraci&#xF3;n de la Educaci&#xF3;n</subfield>
  </datafield>
  <datafield tag="690" ind1=" " ind2=" ">
    <subfield code="a">Elaborado</subfield>
  </datafield>
  <datafield tag="700" ind1=" " ind2=" ">
    <subfield code="e">asesor</subfield>
    <subfield code="a">Reyes, Rafael </subfield>
  </datafield>
  <datafield tag="700" ind1=" " ind2=" ">
    <subfield code="e">autor</subfield>
    <subfield code="a">Mercado Pe&#xF1;a , Zoraida .</subfield>
  </datafield>
  <datafield tag="700" ind1=" " ind2=" ">
    <subfield code="e">autor</subfield>
    <subfield code="a"> Ventura,  Casilda R. .</subfield>
  </datafield>
  <datafield tag="901" ind1=" " ind2=" ">
    <subfield code="a">{"1":"Mercado Pe&#xF1;a ","2":" Ventura"}</subfield>
    <subfield code="b">{"1":"Zoraida .","2":" Casilda R. ."}</subfield>
  </datafield>
  <datafield tag="902" ind1=" " ind2=" ">
    <subfield code="a">1</subfield>
  </datafield>
  <datafield tag="903" ind1=" " ind2=" ">
    <subfield code="a">{"1":"Reyes"}</subfield>
    <subfield code="b">{"1":"Rafael "}</subfield>
  </datafield>
  <datafield tag="904" ind1=" " ind2=" ">
    <subfield code="a">Mag&#xED;ster en</subfield>
  </datafield>
  <datafield tag="905" ind1=" " ind2=" ">
    <subfield code="a">Gesti&#xF3;n Educativa</subfield>
  </datafield>
  <datafield tag="906" ind1=" " ind2=" ">
    <subfield code="a">2</subfield>
  </datafield>
  <datafield tag="907" ind1=" " ind2=" ">
    <subfield code="a">NO APLICA</subfield>
  </datafield>
  <datafield tag="908" ind1=" " ind2=" ">
    <subfield code="a">NO APLICA</subfield>
  </datafield>
  <datafield tag="909" ind1=" " ind2=" ">
    <subfield code="a">Universidad Nacional Evang&#xE9;lica (UNEV), Recinto Santiago</subfield>
  </datafield>
  <datafield tag="910" ind1=" " ind2=" ">
    <subfield code="a">NULL</subfield>
    <subfield code="b">NULL</subfield>
  </datafield>
  <datafield tag="911" ind1=" " ind2=" ">
    <subfield code="a">["1"]</subfield>
  </datafield>
  <datafield tag="912" ind1=" " ind2=" ">
    <subfield code="a">NO APLICA</subfield>
  </datafield>
  <datafield tag="913" ind1=" " ind2=" ">
    <subfield code="a">NULL</subfield>
  </datafield>
  <datafield tag="914" ind1=" " ind2=" ">
    <subfield code="a">01 de Noviembre de 2013</subfield>
  </datafield>
  <datafield tag="915" ind1=" " ind2=" ">
    <subfield code="a">12/07/15 08:07</subfield>
  </datafield>
  <datafield tag="916" ind1=" " ind2=" ">
    <subfield code="a">NULL</subfield>
  </datafield>
  <datafield tag="917" ind1=" " ind2=" ">
    <subfield code="a">NULL</subfield>
  </datafield>
  <datafield tag="918" ind1=" " ind2=" ">
    <subfield code="a">NO APLICA</subfield>
  </datafield>
  <datafield tag="919" ind1=" " ind2=" ">
    <subfield code="a">["52","243","209","240"]</subfield>
  </datafield>
  <datafield tag="520" ind1=" " ind2=" ">
    <subfield code="a">Esta investigaci&#xF3;n trat&#xF3;&#xA0;de analizar los factores que inciden en la aplicaci&#xF3;n del nuevo curr&#xED;culo del Nivel Medio del Liceo Herminia P&#xE9;rez, Pek&#xED;n, por lo que se circunscribi&#xF3; &#xFA;nicamente a las informaciones suministradas por el director, docentes y estudiantes.Fue una investigaci&#xF3;n descriptiva y de campo. Los m&#xE9;todos utilizados fueron &#xA0;el deductivo y el anal&#xED;tico. La t&#xE9;cnica utilizada fue la entrevista, aplicada a la gesti&#xF3;n del centro y cuestionario dedicado a los docentes y estudiantes. La poblaci&#xF3;n const&#xF3;&#xA0;de 320 estudiantes,10 docentes y 4 de personal de apoyo, para un total de 334.&#xA0;En los resultados de la encuesta al director se constat&#xF3; que su &#xFA;ltimo grado acad&#xE9;mico es Licenciado y tiene m&#xE1;s de 5 a&#xF1;os desempe&#xF1;ando esa funci&#xF3;n. Asegur&#xF3; que se realizan capacitaciones a docentes en todo el a&#xF1;o, pero no todos responden al llamado. Se organiza recibimiento al inicio del a&#xF1;o escolar, con programas cronometrados y manifestaciones art&#xED;sticas, para que los nuevos estudiantes valoren la instituci&#xF3;n y se familiaricen. En dicha actividad se presenta el cuerpo directivo, administrativo, docente y de apoyo. Sobre actividades que organiza el centro para alumnos, el director manifest&#xF3; que es dif&#xED;cil lograr que un personal docente aplique las mismas t&#xE9;cnicas, metodolog&#xED;as y estrategias. Pero que utilizan estrategias integrando recursos tecnol&#xF3;gicos. En los resultados de los docentes, respecto al nivel acad&#xE9;mico el 100% es licenciado, lo que facilita la consecuci&#xF3;n de objetivos pedag&#xF3;gicos del personal. En general, se pudo verificar que el tiempo es uno de los factores que m&#xE1;s inciden en la implementaci&#xF3;n del nuevo curr&#xED;culo, ya que obtuvo el 50% del porcentaje, seguida de los recursos tecnol&#xF3;gicos con un 40%. De acuerdo al 50% de los profesores, coinciden que el curr&#xED;culo no se adapta al nivel de los estudiantes; un 10% lo considera bueno, otro 10% lo ve excelente, mientras que el 30% not&#xF3;&#xA0;que corresponde lo suficiente al nivel de los estudiantes.&#xA0; Se recomend&#xF3;&#xA0;al Ministerio de Educaci&#xF3;n asegurarse que los Liceos reciban los medios de ayudas did&#xE1;cticas y tecnol&#xF3;gicas, capacidad f&#xED;sica de sus planteles, construcci&#xF3;n del ser humano requerido con las competencias del curr&#xED;culo. Al director, dar m&#xE1;s seguimiento a la metodolog&#xED;a empleada por sus docentes y a&#xA0;&#xE9;stos a participar en los talleres y seminarios, para&#xA0;obtener t&#xE1;cticas de integraci&#xF3;n e impartici&#xF3;n de clases.&#xA0;</subfield>
  </datafield>
  <datafield tag="921" ind1=" " ind2=" ">
    <subfield code="a">11</subfield>
  </datafield>
  <datafield tag="922" ind1=" " ind2=" ">
    <subfield code="a">11</subfield>
  </datafield>
  <datafield tag="923" ind1=" " ind2=" ">
    <subfield code="a">0</subfield>
  </datafield>
  <datafield tag="924" ind1=" " ind2=" ">
    <subfield code="a">NO APLICA</subfield>
  </datafield>
  <datafield tag="942" ind1=" " ind2=" ">
    <subfield code="c">Tesis</subfield>
  </datafield>
  <datafield tag="999" ind1=" " ind2=" ">
    <subfield code="c">432</subfield>
    <subfield code="d">432</subfield>
  </datafield>
</record>
